000 00822ntm a22003137a 4500
005 20170515154806.0
008 170515b xxu||||| |||| 00| 0 spa d
020 _a9789930502952
041 _aSPA
082 _a917.286 P668t
100 _aPirie, Fraser
_942673
245 _aEl tiempo congelado: memorias fotográficas de Costa Rica
260 _aCosta Rica
260 _bAtabal
260 _c2016
300 _a244 páginas
650 _aCOSTA RICA
_942674
650 _aHISTORIA
_943
650 _aFOTOGRAFÍAS
_91590
650 _aCARTAGO
_91052
650 _aALAJUELA
_94424
650 _aPUERTO LIMÓN
_942675
650 _aSAN JOSÉ
_91091
650 _aPUNTARENAS
_91062
650 _aHACIENDAS
_942676
650 _aTERREMOTO DE CARTAGO
_942677
650 _aEDIFICIO PIRIE
_942678
942 _cBK
999 _c9410
_d9410